Sports Quiz

Random Sports or MLB Quiz

MLB: 2018 Opening Day Starting Pitchers Quiz Stats

 Plays Quiz Updated Aug 31, 2019

Score 0/30 Timer 08:00
0 Plays Today
Team Pitcher % Correct
Los Angeles DodgersClayton Kershaw
91.9%
Houston AstrosJustin Verlander
83.9%
Boston Red SoxChris Sale
82.7%
Washington NationalsMax Scherzer
78.1%
Chicago CubsJon Lester
76.7%
Cleveland IndiansCorey Kluber
75.3%
Seattle MarinersFelix Hernandez
66.6%
New York MetsNoah Syndergaard
65.7%
New York YankeesLuis Severino
65.6%
Tampa Bay RaysChris Archer
56.9%
Philadelphia PhilliesAaron Nola
52.4%
St. Louis CardinalsCarlos Martinez
52.4%
Colorado RockiesJon Gray
51.8%
Texas RangersCole Hamels
50%
Atlanta BravesJulio Teheran
47.8%
Team Pitcher % Correct
San Diego PadresClayton Richard
42.4%
Baltimore OriolesDylan Bundy
41.2%
Toronto Blue JaysJ.A. Happ
41.2%
Arizona DiamondbacksPatrick Corbin
40.3%
Los Angeles AngelsGarrett Richards
36.3%
Miami MarlinsJose Urena
36%
Kansas City RoyalsDanny Duffy
35.7%
Chicago White SoxJames Shields
35.6%
Cincinnati RedsHomer Bailey
33.9%
Milwaukee BrewersChase Anderson
30.4%
Pittsburgh PiratesIvan Nova
26.3%
San Francisco GiantsTy Blach
24.1%
Detroit TigersJordan Zimmermann
23.7%
Minnesota TwinsJake Odorizzi
21.9%
Oakland AthleticsKendall Graveman
17.8%

You're not logged in!

Compare scores with friends on all Sporcle quizzes.
OR
Log In

Sporcle TV

Today on Sporcle TV


Watch our educational content, quiz creation guides, and fun videos on Sporcle TV.

Show Comments

Extras

Top Quizzes Today


Score Distribution

Your Account Isn't Verified!

In order to create a playlist on Sporcle, you need to verify the email address you used during registration. Go to your Sporcle Settings to finish the process.

Report this User

Report this user for behavior that violates our Community Guidelines.

Details: